000 00481nam a22001337a 4500
082 _a629.13634
_bWIT
100 _aM.W. Witczak
_944421
245 _aDesign of Full Depth Asphalt Airfield Pavements
_bA Paper for the third international conference on the structural design of Asphalt Pavements London England
260 _a Maryland
_b The Asphalt Institute
_c1972
300 _aIllus
_b48
526 _a0
_b0
_c0
_d629_136340000000000_WIT
650 _aMCE
_9379
942 _2ddc
_cBK
999 _c548211
_d548211